| 000 | 00566nam a2200229Ia 4500 | ||
|---|---|---|---|
| 003 | OSt | ||
| 005 | 20230523161657.0 | ||
| 008 | 210423s1995 xx 000 0 und d | ||
| 020 | _a978-0-099-57861-1 | ||
| 040 | _cAL | ||
| 041 | _aeng | ||
| 082 |
_a823.914 _223 _bRUSS |
||
| 100 |
_aRUSHDIE (Salman) _9111704 |
||
| 245 | _aShame: a novel | ||
| 260 |
_aLondon _bVintage Books _c1995 |
||
| 300 |
_a287 _bPB |
||
| 365 |
_b499 _cINR |
||
| 650 |
_aEnglish Fiction _9111705 |
||
| 650 |
_aEnglish Literature _9111706 |
||
| 906 | _anovel ; Shame: | ||
| 942 |
_2ddc _cBK |
||
| 999 |
_c167110 _d167110 |
||